Efeito borboleta e outras histórias | Luz indecisa (Registo nº 1565)

Detalhes MARC
000 -Etiqueta do registo
Cabeçalho 00846nam0a2200277 4500
005 - Identificador da versão
Campo de controlo 20240813121840.0
095 ## -
-- PTBN00201562
021 ## - Número do Depósito Legal
Código do país PT
Número 321328/10
100 ## - Dados gerais de processamento
Dados gerais de processamento 20160304d2011 d y0pory5003 ba
102 ## - Pais de publicação ou produção
País de publicação Portugal
101 0# - Língua de publicação
Língua do texto, banda sonora, etc. Português
215 ## - Descrição física 
Indicação específica da natureza do documento e extensão da espécie 172, 52 p.
Outras indicações físicas il
200 1# - Titulo e menção de responsabilidade
Título próprio Efeito borboleta e outras histórias
-- Luz indecisa
Primeira menção de responsabilidade José Mário Silva
225 2# - Colecção 
Título próprio da colecção Frente e verso
210 ## - Publicação, Distribuição, etc. 
Lugar da edição, distribuição, etc. Alfragide
Nome do editor, distribuidor, etc. Oficina do livro
Data da publicação, distribuição, etc. 2011
300 ## - Notas gerais 
Texto da nota Livro encadernado ao inverso
606 ## - Nome comum usado como assunto
Número de registo de entrada de autoridade 0002005
Palavra de ordem Literatura portuguesa
Subdivisão de assunto Romance
Código do sistema CA
Número de registo de entrada de autoridade 0002007
Palavra de ordem Literatura portuguesa
Subdivisão de assunto Poesia
Código do sistema CA
675 ## - Classificação Decimal Universal (CDU)
Notação 821.134.3-31
Edição 3ª ed.
Língua da edição por
Notação 821.134.3-1
Edição 3ª ed.
Língua da edição por
700 #1 - Nome de autor-pessoa física (responsabilidade principal)
Número de registo de entrada de autoridade 0002705
Palavra de ordem Silva
Outra parte do nome não tomada para palavra de ordem José Mário
966 ## - Identificação da Biblioteca
Sigla EB2,3ENM
942 ## - Elementos de entrada adicionados (Koha)
Tipo de item no Koha Livro
Exemplares
Situação do levantamento Origin of item (home branch) (coded) Biblioteca de empréstimo Código de barras Cota Circulation type (not for loan) Tipo de documento Nota do exemplar Damaged status
  Biblioteca Escolar Eng. Nuno Mergulhão Biblioteca Escolar Eng. Nuno Mergulhão BENM3036 82LP-3 SIL   Livro Sem mensagem